000
00268nam a22001217a 4500
082
_a
030
_b
CAR/E
100
_a
CARR,ARCHIE
245
_a
THE EVERGLADES
260
_a
ALEXANDRIA
_b
TIME LIFE BOOKS
300
_a
184
650
_a
GENERAL KNOWLEDGE
_z
ALEXANDRIA
942
_c
BK
999
_c
2925
_d
2925